000 00649cam a22002293a 4500
001 25826
003 PGUSA
005 20140828083545.0
008 080617s2008||||xxu|||||s|||||000 | eng d
040 _aPGUSA
_beng
042 _adc
050 4 _aBT
100 1 _aSmyth, J. Paterson
_q(John Paterson),
_d1852-1932
245 1 4 _aThe Gospel of the Hereafter
_h[electronic resource] /
_cJ. Paterson Smyth
260 _bProject Gutenberg,
_c2008
506 _aPublic domain in the USA.
516 _aElectronic text
653 _aEschatology
830 0 _aProject Gutenberg
_v25826
856 4 0 _uhttp://www.gutenberg.org/ebooks/25826
942 _cEB
999 _c255081
_d255081